000 00696nam a22002537a 4500
003 UA-OsUOA
001 21869
007 ta
008 20031215b un ||||| |||| 00| 0 ukr d
090 _a070(477)(091)
_bУ45
942 _cBK
040 _aUA-OsUOA
_bukr
_cUA-OsUOA
_dUA-OsUOA
245 _aУкраїнська журналістика в іменах
_bМатеріали до енциклопедичного словника
_cРед. М.М.Романюк
300 _a424 с.
955 _a0
041 _aukr
080 _a070(477)(091)
020 _a5-7702-1245-4
260 _aЛьвів
_c1996
246 3 1 _aВип.3
_n
044 _aUA
650 7 _2UDC
999 _c308079
_d308079